000 00656nam a2200217Ii 4500
003 JO-AjNU
008 230606s9999||||xx |||||||||||||| ||und||
020 _a978-81-7446-596-2
040 _aJO-AjNU
_beng
_erda
_cJO-AjNU
041 _aeng
050 1 4 _aHF5549.5.E45.R36 2008
100 3 _aRAO,P.L,
_eauthor
_91268
245 0 0 _aInternational human resource management text and cases
250 _a1 ed
264 3 1 _aNew Delhi: Excel Books ,2008
300 _a407p
_bIncludes indexes385-407 p
336 _atext
_btxt
_2rdacontent
337 _aunmediated
_bn
_2rdamedia
338 _avolume
_bnc
_2rdacarrier
650 4 _ahuman resource management
_91269
999 _aE668
_c668
_d668